Research design and methods : (Record no. 18664)
[ view plain ]
| 000 -LEADER | |
|---|---|
| fixed length control field | 00894nam a22002657a 4500 |
| 005 - DATE AND TIME OF LATEST TRANSACTION | |
| control field | 20201128021131.0 |
| 008 - FIXED-LENGTH DATA ELEMENTS--GENERAL INFORMATION | |
| fixed length control field | 141123t2014 xxua grbd 001 0 eng d |
| 020 ## - INTERNATIONAL STANDARD BOOK NUMBER | |
| International Standard Book Number | 9781259060380 |
| 020 ## - INTERNATIONAL STANDARD BOOK NUMBER | |
| International Standard Book Number | 1259060381 |
| 040 ## - CATALOGING SOURCE | |
| Original cataloging agency | EG-ScBUE |
| 082 00 - DEWEY DECIMAL CLASSIFICATION NUMBER | |
| Edition number | 22 |
| Classification number | 150.72 |
| Item number | BOR |
| 100 1# - MAIN ENTRY--PERSONAL NAME | |
| Personal name | Bordens, Kenneth S. |
| 245 10 - TITLE STATEMENT | |
| Title | Research design and methods : |
| Remainder of title | a process approach / |
| Statement of responsibility, etc | Kenneth S. Bordens, Bruce B. Abbott. |
| 250 ## - EDITION STATEMENT | |
| Edition statement | 9th ed., |
| Remainder of edition statement | international student ed. |
| 260 ## - PUBLICATION, DISTRIBUTION, ETC. (IMPRINT) | |
| Place of publication, distribution, etc | New York, United States : |
| Name of publisher, distributor, etc | McGraw-Hill Education, |
| Date of publication, distribution, etc | c.2014. |
| 300 ## - PHYSICAL DESCRIPTION | |
| Extent | [Various pagings] : |
| Other physical details | ill. ; |
| Dimensions | 23 cm. |
| 500 ## - GENERAL NOTE | |
| General note | Includes glossary. |
| 500 ## - GENERAL NOTE | |
| General note | Includes indexes. |
| 504 ## - BIBLIOGRAPHY, ETC. NOTE | |
| Bibliography, etc | Includes bibliographical references. |
| 650 #0 - SUBJECT ADDED ENTRY--TOPICAL TERM | |
| 9 (RLIN) | 837 |
| Topical term or geographic name as entry element | Psychology |
| General subdivision | Research |
| -- | Methodology |
| 653 ## - INDEX TERM--UNCONTROLLED | |
| Resource For college | BAEPS, Business Administration |
| Arrived date list | November2014 |
| 655 ## - INDEX TERM--GENRE/FORM | |
| Form subdivision | |
| -- | 34232 |
| 700 1# - ADDED ENTRY--PERSONAL NAME | |
| Personal name | Abbott, Bruce B. |
| 9 (RLIN) | 36659 |
| 942 ## - ADDED ENTRY ELEMENTS (KOHA) | |
| Source of classification or shelving scheme | Dewey Decimal Classification |
| Call number prefix | 150.72 BOR |
| Withdrawn status | Item status | Source of classification or shelving scheme | Damaged status | Not for loan | Vendor | Home library | Current library | Shelving location | Date acquired | Source of acquisition | Cost, normal purchase price | Serial Enumeration / chronology | Total Checkouts | Full call number | Barcode | Date last seen | Cost, replacement price | Koha item type |
|---|---|---|---|---|---|---|---|---|---|---|---|---|---|---|---|---|---|---|
| Dewey Decimal Classification | Baccah | Central Library | Central Library | Lower Floor | 23/11/2014 | 260.00 | 20677 | 150.72 BOR | 000037048 | 15/07/2025 | 325.00 | Book - Borrowing |